Introduction to Clinical Medicine (Record no. 4960)

MARC details
000 -LEADER
fixed length control field 00546nam a22001937a 4500
003 - CONTROL NUMBER IDENTIFIER
control field OSt
005 - DATE AND TIME OF LATEST TRANSACTION
control field 20231026121502.0
008 - FIXED-LENGTH DATA ELEMENTS--GENERAL INFORMATION
fixed length control field 160812b xxu||||| |||| 00| 0 eng d
020 ## - INTERNATIONAL STANDARD BOOK NUMBER
International Standard Book Number 1556642334
040 ## - CATALOGING SOURCE
Transcribing agency 040a
082 ## - DEWEY DECIMAL CLASSIFICATION NUMBER
Classification number WB 100 18h 1991
100 ## - MAIN ENTRY--PERSONAL NAME
Relator code Greene, Harry L.; Glassock, Richard J.; Kelley, Mark A.
245 ## - TITLE STATEMENT
Title Introduction to Clinical Medicine
260 ## - PUBLICATION, DISTRIBUTION, ETC. (IMPRINT)
Place of publication, distribution, etc. Philadelphia
Name of publisher, distributor, etc. B. C Decker
Date of publication, distribution, etc. 1991
300 ## - PHYSICAL DESCRIPTION
Extent xvii, 794p;
Other physical details col.ill :
Dimensions 30 cm.
504 ## - BIBLIOGRAPHY, ETC. NOTE
Bibliography, etc Includes index
650 ## - SUBJECT ADDED ENTRY--TOPICAL TERM
Topical term or geographic name as entry element Clinical medicine
9 (RLIN) 834
942 ## - ADDED ENTRY ELEMENTS (KOHA)
Source of classification or shelving scheme Other/Generic Classification Scheme
Koha item type Open Shelf
Holdings
Withdrawn status Lost status Source of classification or shelving scheme Damaged status Not for loan Home library Current library Date acquired Source of acquisition Inventory number Total Checkouts Full call number Barcode Date last seen Koha item type
    Other/Generic Classification Scheme     MUST Main Library MUST Main Library 12/08/2016 Purchase 05/26017   WB 100 18h 1991 2016-3579 12/08/2016 Open Shelf